Proceedings of the Sixth International Conference on Raman Spectroscopy (Record no. 26182)
[ view plain ]
| 000 -LEADER | |
|---|---|
| fixed length control field | 00629nam a22001577a 4500 |
| 008 - FIXED-LENGTH DATA ELEMENTS--GENERAL INFORMATION | |
| fixed length control field | 230502b |||||||| |||| 00| 0 eng d |
| 020 ## - INTERNATIONAL STANDARD BOOK NUMBER | |
| International Standard Book Number | 0855012013 |
| 040 ## - CATALOGING SOURCE | |
| Original cataloging agency | National Science Library |
| Transcribing agency | National Science Library |
| 080 ## - UNIVERSAL DECIMAL CLASSIFICATION NUMBER | |
| Universal Decimal Classification number | 535.375.55(082.2) |
| Item number | L8.1-.2 |
| 245 ## - TITLE STATEMENT | |
| Title | Proceedings of the Sixth International Conference on Raman Spectroscopy |
| Statement of responsibility, etc. | / Bangalore, India, 4-9 September 1978 |
| 260 ## - PUBLICATION, DISTRIBUTION, ETC. | |
| Place of publication, distribution, etc. | London: |
| Name of publisher, distributor, etc. | Heyden, |
| Date of publication, distribution, etc. | 1978 |
| 500 ## - GENERAL NOTE | |
| General note | Vol. 1 (Invited lectures); ISBN: 0855012013; xiii, 419p.<br/>Vol. 2 (Contributed papers); ISBN: 0855012021; v, 536p. |
| 650 ## - SUBJECT ADDED ENTRY--TOPICAL TERM | |
| Topical term or geographic name entry element | Science |
| 700 ## - ADDED ENTRY--PERSONAL NAME | |
| Personal name | Schmid, E D (Ed.) |
| 942 ## - ADDED ENTRY ELEMENTS (KOHA) | |
| Source of classification or shelving scheme | Universal Decimal Classification |
| Koha item type | Proceedings |
| Withdrawn status | Lost status | Source of classification or shelving scheme | Damaged status | Not for loan | Home library | Current library | Shelving location | Date acquired | Serial Enumeration / chronology | Total Checkouts | Full call number | Barcode | Date last seen | Price effective from | Koha item type |
|---|---|---|---|---|---|---|---|---|---|---|---|---|---|---|---|
| Universal Decimal Classification | National Science Library | National Science Library | GF/Rk-6/C-7/R-1 | 28/03/1979 | Vol. 1 (Invited lectures); ISBN: 0855012013; xiii, 419p. | 535.375.55(082.2) L8.1.1-.2 | 89076 | 02/05/2023 | 28/03/1979 | Proceedings | |||||
| Universal Decimal Classification | National Science Library | National Science Library | GF/Rk-6/C-7/R-1 | 28/03/1979 | Vol. 1 (Invited lectures); ISBN: 0855012013; xiii, 419p. | 535.375.55(082.2) L8.1.1-.2 | 89077 | 02/05/2023 | 28/03/1979 | Proceedings |